LEADER 01180nam a2200289 u 4500 001 000000042101 003 CaOOAMICUS 005 20070226114304.0 008 990219s1966 it u000 u ita u 035 $a10814838 040 $aPUL(R)$bita 100 1 $aGrosso, Giuseppe.$0(OLS)http://pul/name/7480 245 10$aObbligazioni :$bcontenuto e requisiti della prestazione. Obbligazioni alternative e generiche /$cGiuseppe Grosso. 250 $a3. ed. ampliata. 260 $aTorino :$bGiappichelli,$c1966. 300 $axvii, 270 p. ;$c24 cm 500 $aContiene indici. 504 $aBibliografia in nota. 650 4$aDiritto romano.$0(OLS)http://pul/subject/382 850 $aPUL 852 $aPUL$W1$xSL Diritto e Scienze Sociali 1$y4$m184 E 119$j56938$nBK-PRI$b $qStampati$B56938$CPULBib$Z2$F56938 $H $81 941 1 $a8 960 $aRoman law$9382 960 $aRoman law$9382 961 $aINV: 66647. Dono Lombardi. 996 $6245$aObbligazioni :$bcontenuto e requisiti della prestazione. Obbligazioni alternative e generiche$9(OLS)http://pul/title/56786 996 $6260$aTorino :$bGiappichelli$9(OLS)http://pul/publisher/48244 LEADER 01415nam a2200301 u 4500 001 000000011063 003 CaOOAMICUS 005 20070226105403.0 008 940516s1965 fr u000 u fre u 035 $a10272985 040 $aPUL(R)$bita 100 1 $aBlondel, Maurice,$d1861-1949.$0(OLS)http://pul/name/9489 245 10$aBlondel et Teilhard de Chardin :$bcorrespondance commentée /$cpar Henri de Lubac. 260 $aParis :$bBeauchesne,$cc1965. 300 $a165 p. ;$c21 cm 490 1 $aBibliothèque des Archives de philosophie.$aNouv. sér ;$v1 600 14$aBlondel, Maurice,$d1861-1949.$0(OLS)http://pul/subject/7908 600 14$aTeilhard de Chardin, Pierre,$cS.I.,$d1881-1955.$0(OLS)http://pul/subject/8511 700 1 $aLubac, Henri de,$cS.I.,$d1896-1991.$0(OLS)http://pul/name/6263 700 1 $aTeilhard de Chardin, Pierre,$cS.I.,$d1881-1955.$0(OLS)http://pul/name/8170 830 0$aBibliothèque des Archives de philosophie.$nNouv. sér ;$v1.$0(OLS)http://pul/title/16086 850 $aPUL 852 $aPUL$W1$xSL Religione 1$y3$m55 M 30$j15664$nBK-PRI$b $qStampati$B15664$CPULBib$Z2$F15664 $H $81 900 $aDe Lubac, Henri$96263 941 1 $a8 961 $aINV: 79265 996 $6245$aBlondel et Teilhard de Chardin :$bcorrespondance commentée$9(OLS)http://pul/title/16085 996 $6260$aParis :$bBeauchesne$9(OLS)http://pul/publisher/48115